| 000 | 00772nas a2200277 4500 | ||
|---|---|---|---|
| 001 | BR8806677 | ||
| 003 | BR-BrBNA | ||
| 005 | 20231205091340.0 | ||
| 007 | ta | ||
| 008 | 230509b bl.|||p| |||| 00| 00por d | ||
| 040 |
_aBR-BrBNA _bpor _cBiblioteca Nacional de Agricultura |
||
| 041 | _a(Pt) | ||
| 072 | _aL73; L74 | ||
| 100 | 1 | _aBaccari Junior, F. de | |
| 245 | 1 | _aManejo ambiental para producao de leite nos tropicos | |
| 650 | _aDOENCA ANIMAL | ||
| 650 | _aMANEJO | ||
| 650 | _aENERGIA SOLAR | ||
| 650 | _aPRODUCAO LEITEIRA | ||
| 650 | _aSTRESS | ||
| 650 | _aCONDICAO AMBIENTAL | ||
| 650 | _aBOVINO | ||
| 773 | 0 |
_tGado Holandes (Brazil) _x _g(Dec 1987), v. 50(132) p. 14-16 _wBR8806677 |
|
| 909 |
_a202311 _bLúcia _c55 _dLúcia Elande |
||
| 942 |
_2AGRIS _n0 _cANA |
||
| 999 |
_c124499 _d124499 |
||